| 000 | 00620nam a2200241Ia 4500 | ||
|---|---|---|---|
| 005 | 20250425161933.0 | ||
| 008 | 250425s9999 xx 000 0 und d | ||
| 041 | _aspa | ||
| 082 | _a352.0212 | ||
| 100 | _aINEC | ||
| 245 | 0 | _aPROPUESTA PARA DESCENTRALIZAR LAS RENTAS DEL ESTADO | |
| 250 | _a1A ED. | ||
| 260 |
_aEcuador _bINEC _c1995 |
||
| 260 | _aGUAYAQUIL | ||
| 300 | _a830 | ||
| 650 | _aAUTONOMIA PROVINCIAL-PRESUPUESTO | ||
| 650 | _aDESCENTRALIZACION-ECUADOR | ||
| 650 | _aESTADISTICAS VITALES | ||
| 650 | _aGASTO PUBLICO-ECUADOR | ||
| 650 | _aRENTAS DEL ESTADO | ||
| 942 | _c01 | ||
| 010 | _a35508 | ||
| 999 |
_c219191 _d219191 |
||